Excavaciones en la Cueva del Rey en Villanueva (Santander) (Record no. 181749)

MARC details
000 -LEADER
campo de control de longitud fija 00889nam a2200205 i 4500
001 - NÚMERO DE CONTROL
campo de control 181749
003 - IDENTIFICADOR DE NÚMERO DE CONTROL
campo de control ES-MaACL
005 - FECHA Y HORA DE LA ÚLTIMA TRANSACCIÓN
campo de control 20230906221439.0
008 - DATOS DE LONGITUD FIJA--INFORMACIÓN GENERAL
campo de control de longitud fija 130321s1923 sp |||| | spa d
100 1# - ENTRADA PRINCIPAL--NOMBRE DE PERSONA
Nombre de persona Carballo, Jesús (
Fechas asociadas al nombre 1874-1961)
9 (RLIN) 152492
245 10 - MENCIÓN DEL TÍTULO
Título Excavaciones en la Cueva del Rey en Villanueva (Santander)
Resto del título : memoria redactada /
Mención de responsabilidad, etc. por... D. Jesús Carballo.
260 ## - PUBLICACIÓN, DISTRIBUCIÓN, ETC.
Lugar de publicación, distribución, etc. Madrid :
Nombre del editor, distribuidor, etc. [s.n.],
Fecha de publicación, distribución, etc. 1923 (
Fabricante Tip. de la "Revista de Arch. Bibl. y Museos")
300 ## - DESCRIPCIÓN FÍSICA
Extensión 40 p., IX lám. ;
Dimensiones 24 cm.
490 1# - MENCIÓN DE SERIE
Mención de serie Junta Superior de Excavaciones y Antigüedades ;
Designación de volumen o secuencia 53 =nº9,1921-22
651 #4 - PUNTO DE ACCESO ADICIONAL DE MATERIA--NOMBRE GEOGRÁFICO
Nombre geográfico Villanueva (Santander)-
Subdivisión general Restos arqueológicos.
9 (RLIN) 152493
710 2# - ENTRADA AGREGADA--NOMBRE DE ENTIDAD CORPORATIVA
Nombre de entidad corporativa o nombre de jurisdicción como elemento de entrada España.
Unidad subordinada Junta Superior de Excavaciones y Antigüedades.
9 (RLIN) 152463
830 0# - PUNTO DE ACCESO ADICIONAL DE SERIE-TÍTULO UNIFORME
Título uniforme Junta Superior de Excavaciones y Antigüedades ;
Designación de volumen o secuencia 53 =nº9,1921-22
9 (RLIN) 191570
852 ## - LOCALIZACIÓN
Ubicación ES-MaACL
Número de control de estantería E-3371(9)
Holdings
Estatus retirado Estado de pérdida Estado de daño No para préstamo Biblioteca de origen Biblioteca actual Ubicación en estantería Fecha de adquisición Fuente de adquisición Total de préstamos Signatura topográfica completa Código de barras Visto por última vez Precio de reemplazo Tipo de ítem Koha
        Biblioteca del Ateneo de Madrid Biblioteca del Ateneo de Madrid Depósito 2 21/03/2013     E-3371(9) 1190999 23/02/2023 23/02/2023 Libro impreso